| 000 | 00681cam a2200241 a 4500 | ||
|---|---|---|---|
| 001 | 989159 | ||
| 005 | 20180214083015.0 | ||
| 008 | 860723s1986 mnua b 001 0 eng | ||
| 010 | _a 86019415 | ||
| 020 |
_a0899083927 : _c$12.95 |
||
| 020 |
_a0899083676 (pbk.) : _c$6.95 |
||
| 040 |
_aDLC _cDLC _dDLC |
||
| 041 | _aeng | ||
| 043 | _an-us--- | ||
| 080 | _a320.50973 BEN | ||
| 082 | 0 | 0 |
_a320.50973 BEN _219 |
| 100 | _a19 | ||
| 101 | _aPOL | ||
| 245 | 0 | 4 |
_aThe Political spectrum : _c[edited by] David L. Bender, Bruno Leone. |
| 504 | _aIncludes bibliographies and index. | ||
| 906 |
_a7 _bcbc _corignew _d1 _eocip _f19 _gy-gencatlg |
||
| 942 |
_2ddc _cBK |
||
| 999 |
_c42521 _d42521 |
||